000 01461cam a22003857a 4500
003 CHAP
005 20220329141014.0
008 971013s1988 r 00010 d
010 _a61193
011 _a62165
035 _a66339
040 _cCHAP
090 _aTesis
100 0 0 _aMonárrez Macías, Mario.
_977538
245 0 _aUnidad de Producción Agropecuaria Emiliano Zapata, una modalidad de organización de productores agrícolas en el estado de Guanajuato
260 _aChapingo, Méx. :
_bEl autor,
_c1988
300 _a39 h.
_b: ilus. ; gráfs.
502 _aTesis (Ing. Agr. Esp. en Fitotecnia) -- UACH. Departamento de Fitotecnia
590 _aALEPH
_b10
_c20130110
_lUCH01
_h1340
590 _aBATCH-UPD
_b10
_c20130110
_lUCH01
_h0339
590 _aBATCH-UPD
_b10
_c20130110
_lUCH01
_h1931
590 _aBATCH-UPD
_b10
_c20130410
_lUCH01
_h0012
590 _aBATCH-UPD
_b10
_c20130913
_lUCH01
_h2118
590 _aCONVERSION
_b10
_c20130109
_lUCH01
_h1333
650 1 4 _aAgricultura
_xSociedades
_xGuanajuato.
_91806
650 1 4 _aAyuda técnica.
_99035
650 1 4 _aCrédito agrícola
_zGuanajuato.
_929088
650 1 4 _aOrganización de productores.
_983544
650 1 4 _aProductos agrícolas
_xMercadeo
_xGuanajuato.
_991972
901 _aBK
942 _cFOLL
949 _bBC
_cTES
_d-151516
_eTS1
_h29426
_i66339
_si
949 _bBC
_cTES
_d33724000620837
_eTS2
_fc.3
_h29428
_i66339
_si
949 _bBC
_cTES
_d33724000620845
_eTS2
_fc.2
_h29427
_i66339
_si
999 _c61193
_d61193